Представление документа в формате RUSMARC

ПолеНазваниеЗначение
  Тип записи a
  Библиографический уровень c
001 Контрольный номер 50c193f9dc0840d9a68e6ef302c81c90
005 Дата корректировки 20201206205152.0
010 Индекс ISBN __
a ISBN 978-5-9691-1731-0 (в пер.)
d Цена 540-87, 1500 экз.
100 Данные общей обработки __
a Данные общей обработки 19181205d2018||||||| 0rusy0189 ca
101 Язык документа 0_
a Язык текста rus
102 Страна публикации __
a Страна публикации ru
102 Страна публикации __
a Страна публикации RU
105 Кодированные данные (монография) __
a Кодированные данные (монография) a||||||||||zy
200 Заглавие и сведения об ответственности 1_
a Заглавие Продолжая движение поездов
e Сведения, относящиеся к заглавию повесть и рассказы
f Первые сведения об ответственности Татьяна Дагович ; [предисловие Светланы Киршбаум ; художник В. Калныньш]
b Общее обозначение материала Текст
210 Выходные данные __
a Место издания Москва
c Издательство Время
d Дата издания 2018
215 Физическое описание __
a Объем 301, [1] с.
c Иллюстрации/тип воспроизводства ил.
d Формат 17 см
225 Серия __
a Серия Серия "Самое время!"
300 Общие примечания __
a Общие примечания На обложке: Лауреат "Русской премии" 2016 года
327 Примечание о содержании __
a Примечание о содержании Продолжая движение поездов : повесть
327 Примечание о содержании __
a Примечание о содержании Две тысячи первый, ноябрь, уикенд : рассказ
327 Примечание о содержании __
a Примечание о содержании Жительница : рассказ
327 Примечание о содержании __
a Примечание о содержании Регенерация солнца : рассказ
327 Примечание о содержании __
a Примечание о содержании Ночь рождения : рассказ
327 Примечание о содержании __
a Примечание о содержании Блаженные в этом городе : рассказ
330 Аннотация __
a Аннотация Сузанна переезжает из отеля в отель, хотя не знает, с кем играет в прятки. Патрик сходит на чужой станции и теряет высокооплачиваемую работу. Катя навещает подругу, чтобы заглянуть за шторку смерти. Нина делает вид, будто она - другая Нина. Марко перемещается в сны. Мария учится просыпаться. Влюбленные живут долго и счастливо. Бог кивает с неба. Место действия: города в разных странах и пространствах, соединенные железнодорожными путями. "Продолжая движение поездов" - книга о вечном поиске: себя, дома и чуда.
333 Примечание о целевом назначении __
a Примечание о целевом назначении 16+. Для детей старше 16 лет
606 Тематические рубрики __
a Основная рубрика Художественная литература
606 Тематические рубрики __
a Основная рубрика Современная русская литература (произведения)
610 Ключевые слова __
a Ключевые слова проза
610 Ключевые слова __
a Ключевые слова современная проза
610 Ключевые слова __
a Ключевые слова повести
610 Ключевые слова __
a Ключевые слова рассказы
610 Ключевые слова __
a Ключевые слова тема человека
610 Ключевые слова __
a Ключевые слова тема жизни
610 Ключевые слова __
a Ключевые слова тема поиска себя
686 Индексы других классификаций __
2 Код системы rubbks
a Классификационный индекс 84(2=411.2)6-4; ст84(2Рос=Рус)6-4
700 Автор _1
a Фамилия Дагович
b Имя Т.
f Даты 1980-
g Полное личное имя Татьяна
4 Код отношения 070
702 Вторичная интеллектуальная ответственность _1
a Фамилия Киршбаум
b Имя С.
4 Код отношения Автор предисловия и т.д.
4 Код отношения 080
702 Вторичная интеллектуальная ответственность _1
a Фамилия Калныньш
b Имя В.
4 Код отношения Иллюстратор
4 Код отношения 440
801 Источник записи _0
a Страна ru
b Организация Муниципальное бюджетное учреждение культуры "Централизованная библиотечная система" г. Сургут (Центральная городская библиотека им. А. С. Пушкина)
c Дата составления 20181205
g Правила каталогизации PSBO
801 Источник записи _1
a Страна ru
b Организация Муниципальное бюджетное учреждение культуры "Централизованная библиотечная система" г. Сургут (Центральная городская библиотека им. А. С. Пушкина)
c Дата составления 20181205
g Правила каталогизации PSBO
852 Данные о местонахождении __
j Шифр хранения 84(2=411.2)6-4
i Авторский знак Д 14
901 Тип документа __
a Ответственный КиК/Апакова
t Тип документа x
903 Характеристики (МАРС) __
a Дата передачи 20181205
990 Данные о заказе (DOS) __
j Количество экземпляров (DOS) 8
t N записи в КСУ для И/У (DOS) 201811